[Event "DVM U20 2023"]
[Site "Magdeburg GER"]
[Date "2023.12.28"]
[Round "4"]
[White "Woelk, Tom-Frederic"]
[Black "Suvorov, Alexander"]
[Result "1/2-1/2"]
[Termination "normal"]
[Board "1.1"]
[WhiteTitle "FM"]
[BlackTitle "FM"]
[WhiteElo "2377"]
[BlackElo "2334"]
[WhiteClock "00:30:30"]
[BlackClock "00:26:10"]
[WhiteTeam "Hamburger SK 1830"]
[BlackTeam "SG Porz"]
[PlyCount "41"]
[WhiteFideId "12993077"]
[BlackFideId "12977063"]
[EventCountry "GER"]
[EventRounds "7"]
[EventType "team-swiss"]
[EventDate "2023.12.26"]

1. e4 {[%clk 01:30:57]} {[%emt 00:00:02]} d6 {[%clk 01:30:55]} {[%emt
00:00:06]} 2. d4 {[%clk 01:31:00]} {[%emt 00:00:27]} Nf6 {[%clk 01:31:17]}
{[%emt 00:00:07]} 3. Nc3 {[%clk 01:31:25]} {[%emt 00:00:05]} Nbd7 {[%clk
01:31:34]} {[%emt 00:00:12]} 4. Nf3 {[%clk 01:28:35]} {[%emt 00:03:20]} e5
{[%clk 01:31:54]} {[%emt 00:00:10]} 5. Rg1 {[%clk 01:26:15]} {[%emt 00:02:51]}
g6 {[%clk 01:31:38]} {[%emt 00:00:43]} 6. Bg5 {[%clk 01:18:53]} {[%emt
00:07:54]} h6 {[%clk 01:27:53]} {[%emt 00:04:15]} 7. Bh4 {[%clk 01:13:41]}
{[%emt 00:05:42]} Bg7 {[%clk 01:26:45]} {[%emt 00:01:38]} 8. dxe5 {[%clk
01:09:32]} {[%emt 00:04:39]} dxe5 {[%clk 01:26:47]} {[%emt 00:00:27]} 9. Qd2
{[%clk 01:09:27]} {[%emt 00:00:36]} c6 {[%clk 01:19:29]} {[%emt 00:07:49]} 10.
O-O-O {[%clk 01:01:46]} {[%emt 00:08:07]} Qc7 {[%clk 01:13:29]} {[%emt
00:06:32]} 11. a4 {[%clk 00:53:50]} {[%emt 00:08:27]} a6 {[%clk 01:08:27]}
{[%emt 00:05:30]} 12. Qd6 {[%clk 00:35:14]} {[%emt 00:19:06]} Qxd6 {[%clk
01:04:28]} {[%emt 00:04:30]} 13. Rxd6 {[%clk 00:35:06]} {[%emt 00:00:38]} Ke7
{[%clk 01:03:04]} {[%emt 00:01:55]} 14. Rd1 {[%clk 00:35:23]} {[%emt 00:00:13]}
b5 {[%clk 01:02:18]} {[%emt 00:01:16]} 15. Nd2 {[%clk 00:34:51]} {[%emt
00:01:02]} g5 {[%clk 00:46:57]} {[%emt 00:15:50]} 16. Bg3 {[%clk 00:34:51]}
{[%emt 00:00:30]} Nh5 {[%clk 00:46:50]} {[%emt 00:00:37]} 17. Nb3 {[%clk
00:34:59]} {[%emt 00:00:23]} Nb6 {[%clk 00:34:08]} {[%emt 00:13:11]} 18. Nc5
{[%clk 00:33:36]} {[%emt 00:01:53]} Nd7 {[%clk 00:33:12]} {[%emt 00:01:27]} 19.
Nb3 {[%clk 00:31:36]} {[%emt 00:02:29]} Nb6 {[%clk 00:33:06]} {[%emt 00:00:36]}
20. Nc5 {[%clk 00:30:43]} {[%emt 00:01:23]} Nd7 {[%clk 00:26:10]} {[%emt
00:07:25]} 21. Nb3 {[%clk 00:30:30]} {[%emt 00:00:42]} 1/2-1/2

[Event "DVM U20 2023"]
[Site "Magdeburg GER"]
[Date "2023.12.28"]
[Round "4"]
[White "Suvorov, Luca"]
[Black "Garner, Isaac"]
[Result "1/2-1/2"]
[Termination "normal"]
[Board "1.2"]
[WhiteTitle "FM"]
[WhiteElo "2333"]
[BlackElo "2297"]
[WhiteClock "00:11:47"]
[BlackClock "00:28:55"]
[WhiteTeam "SG Porz"]
[BlackTeam "Hamburger SK 1830"]
[PlyCount "87"]
[WhiteFideId "12977071"]
[BlackFideId "16239261"]
[EventCountry "GER"]
[EventRounds "7"]
[EventType "team-swiss"]
[EventDate "2023.12.26"]

1. d4 {[%clk 01:30:58]} {[%emt 00:00:01]} Nf6 {[%clk 01:30:53]} {[%emt
00:00:07]} 2. c4 {[%clk 01:31:00]} {[%emt 00:00:26]} e6 {[%clk 01:31:17]}
{[%emt 00:00:09]} 3. Nc3 {[%clk 01:31:16]} {[%emt 00:00:13]} Bb4 {[%clk
01:31:42]} {[%emt 00:00:05]} 4. e3 {[%clk 01:31:36]} {[%emt 00:00:10]} c5
{[%clk 01:32:07]} {[%emt 00:00:06]} 5. Nge2 {[%clk 01:20:46]} {[%emt 00:11:20]}
b6 {[%clk 01:32:08]} {[%emt 00:00:29]} 6. a3 {[%clk 01:19:42]} {[%emt
00:01:34]} Ba5 {[%clk 01:32:07]} {[%emt 00:00:31]} 7. Rb1 {[%clk 01:19:23]}
{[%emt 00:00:49]} Na6 {[%clk 01:32:28]} {[%emt 00:00:09]} 8. g3 {[%clk
01:16:07]} {[%emt 00:03:48]} Bb7 {[%clk 01:32:50]} {[%emt 00:00:06]} 9. d5
{[%clk 01:16:17]} {[%emt 00:00:20]} b5 {[%clk 01:33:12]} {[%emt 00:00:07]} 10.
Bg2 {[%clk 01:15:06]} {[%emt 00:01:43]} bxc4 {[%clk 01:33:33]} {[%emt
00:00:08]} 11. O-O {[%clk 01:12:11]} {[%emt 00:03:25]} O-O {[%clk 01:33:51]}
{[%emt 00:00:12]} 12. e4 {[%clk 01:09:29]} {[%emt 00:03:13]} exd5 {[%clk
01:34:10]} {[%emt 00:00:09]} 13. exd5 {[%clk 01:01:36]} {[%emt 00:08:24]} d6
{[%clk 01:25:29]} {[%emt 00:09:10]} 14. h3 {[%clk 00:54:34]} {[%emt 00:07:33]}
Re8 {[%clk 01:20:49]} {[%emt 00:05:08]} 15. g4 {[%clk 00:45:06]} {[%emt
00:09:59]} Nc7 {[%emt 00:12:25]} 16. Bg5 {[%clk 00:20:50]} {[%emt 00:24:41]} h6
{[%clk 00:50:47]} {[%emt 00:18:44]} 17. Bxf6 {[%clk 00:18:59]} {[%emt
00:02:20]} Qxf6 {[%clk 00:51:04]} {[%emt 00:00:12]} 18. Qa4 {[%clk 00:17:04]}
{[%emt 00:02:26]} Bxc3 {[%clk 00:39:17]} {[%emt 00:12:17]} 19. Nxc3 {[%clk
00:17:32]} {[%emt 00:00:02]} h5 {[%clk 00:36:15]} {[%emt 00:03:33]} 20. Rfe1
{[%clk 00:16:13]} {[%emt 00:01:48]} Re7 {[%clk 00:31:55]} {[%emt 00:04:50]} 21.
Rxe7 {[%clk 00:07:11]} {[%emt 00:09:32]} Qxe7 {[%clk 00:30:19]} {[%emt
00:02:06]} 22. gxh5 {[%clk 00:07:09]} {[%emt 00:00:33]} Bc8 {[%clk 00:26:58]}
{[%emt 00:03:51]} 23. Qxc4 {[%clk 00:06:51]} {[%emt 00:00:47]} Qg5 {[%clk
00:23:52]} {[%emt 00:03:36]} 24. h4 {[%clk 00:05:33]} {[%emt 00:01:48]} Qxh5
{[%clk 00:20:10]} {[%emt 00:04:12]} 25. Re1 {[%clk 00:05:54]} {[%emt 00:00:08]}
Qg6 {[%clk 00:17:40]} {[%emt 00:03:01]} 26. Re3 {[%clk 00:02:55]} {[%emt
00:03:29]} Qf6 {[%clk 00:14:23]} {[%emt 00:03:47]} 27. Qa4 {[%clk 00:03:17]}
{[%emt 00:00:09]} Bf5 {[%clk 00:12:25]} {[%emt 00:02:28]} 28. Qf4 {[%clk
00:01:44]} {[%emt 00:02:03]} Rb8 {[%clk 00:09:26]} {[%emt 00:03:30]} 29. b4
{[%clk 00:01:03]} {[%emt 00:01:11]} cxb4 {[%clk 00:09:07]} {[%emt 00:00:49]}
30. axb4 {[%clk 00:01:31]} {[%emt 00:00:01]} Re8 {[%clk 00:07:31]} {[%emt
00:02:06]} 31. Be4 {[%clk 00:00:36]} {[%emt 00:01:25]} Bxe4 {[%clk 00:05:37]}
{[%emt 00:02:24]} 32. Qxf6 {[%clk 00:01:03]} {[%emt 00:00:03]} gxf6 {[%clk
00:05:59]} {[%emt 00:00:08]} 33. Rxe4 {[%clk 00:00:52]} {[%emt 00:00:42]} Re5
{[%clk 00:02:14]} {[%emt 00:04:15]} 34. Rd4 {[%clk 00:00:54]} {[%emt 00:00:27]}
a6 {[%clk 00:02:00]} {[%emt 00:00:45]} 35. Rg4+ {[%clk 00:00:34]} {[%emt
00:00:50]} Kf8 {[%clk 00:02:16]} {[%emt 00:00:13]} 36. Rd4 {[%clk 00:00:36]}
{[%emt 00:00:29]} Nb5 {[%clk 00:02:06]} {[%emt 00:00:40]} 37. Nxb5 {[%clk
00:00:55]} {[%emt 00:00:10]} axb5 {[%clk 00:02:33]} {[%emt 00:00:04]} 38. Kg2
{[%clk 00:01:15]} {[%emt 00:00:11]} Kg7 {[%clk 00:02:56]} {[%emt 00:00:07]} 39.
Kg3 {[%clk 00:00:50]} {[%emt 00:00:55]} Kh7 {[%clk 00:03:06]} {[%emt 00:00:19]}
40. Kg4 {[%clk 00:00:48]} {[%emt 00:00:31]} Kh6 {[%clk 00:03:14]} {[%emt
00:00:24]} 41. f3 {[%clk 00:22:48]} {[%emt 00:08:28]} Kg6 {[%clk 00:29:08]}
{[%emt 00:04:36]} 42. Rd1 {[%clk 00:14:09]} {[%emt 00:09:09]} Kh6 {[%clk
00:28:34]} {[%emt 00:01:04]} 43. Rd4 {[%clk 00:11:56]} {[%emt 00:02:44]} Kg6
{[%clk 00:28:55]} {[%emt 00:00:08]} 44. Rd1 {[%clk 00:11:47]} {[%emt 00:00:40]}
1/2-1/2

[Event "DVM U20 2023"]
[Site "Magdeburg GER"]
[Date "2023.12.28"]
[Round "4"]
[White "Hommer, Jeremy"]
[Black "Gallasch, Jonas"]
[Result "1/2-1/2"]
[Termination "normal"]
[Board "1.3"]
[WhiteTitle "FM"]
[BlackTitle "FM"]
[WhiteElo "2305"]
[BlackElo "2304"]
[WhiteClock "00:26:09"]
[BlackClock "00:10:27"]
[WhiteTeam "Hamburger SK 1830"]
[BlackTeam "SG Porz"]
[PlyCount "47"]
[WhiteFideId "12992577"]
[BlackFideId "16222474"]
[EventCountry "GER"]
[EventRounds "7"]
[EventType "team-swiss"]
[EventDate "2023.12.26"]

1. d4 {[%clk 01:30:56]} {[%emt 00:00:05]} Nf6 {[%clk 01:30:55]} {[%emt
00:00:05]} 2. Nf3 {[%clk 01:31:19]} {[%emt 00:00:07]} e6 {[%clk 01:28:24]}
{[%emt 00:03:01]} 3. g3 {[%clk 01:27:53]} {[%emt 00:03:56]} b5 {[%clk
01:27:42]} {[%emt 00:01:12]} 4. a4 {[%clk 01:26:19]} {[%emt 00:02:03]} b4
{[%clk 01:27:55]} {[%emt 00:00:18]} 5. c4 {[%clk 01:26:42]} {[%emt 00:00:05]}
bxc3 {[%clk 01:26:41]} {[%emt 00:01:45]} 6. Nxc3 {[%clk 01:22:22]} {[%emt
00:04:49]} d5 {[%clk 01:23:55]} {[%emt 00:03:15]} 7. Bg2 {[%clk 01:19:26]}
{[%emt 00:03:27]} Bb4 {[%clk 01:20:34]} {[%emt 00:03:51]} 8. O-O {[%clk
01:18:13]} {[%emt 00:01:43]} O-O {[%clk 01:20:41]} {[%emt 00:00:22]} 9. Bf4
{[%clk 01:14:09]} {[%emt 00:04:34]} Bxc3 {[%clk 00:52:52]} {[%emt 00:28:19]}
10. bxc3 {[%clk 01:11:49]} {[%emt 00:02:50]} Ba6 {[%clk 00:53:06]} {[%emt
00:00:16]} 11. Ne5 {[%clk 01:01:48]} {[%emt 00:10:31]} Nfd7 {[%clk 00:34:04]}
{[%emt 00:19:33]} 12. Nd3 {[%clk 01:01:28]} {[%emt 00:00:49]} Nc6 {[%clk
00:25:45]} {[%emt 00:08:50]} 13. Nb4 {[%clk 00:55:27]} {[%emt 00:06:31]} Nxb4
{[%clk 00:23:28]} {[%emt 00:02:47]} 14. cxb4 {[%clk 00:55:55]} {[%emt
00:00:02]} Bc4 {[%clk 00:23:32]} {[%emt 00:00:25]} 15. Qd2 {[%clk 00:55:14]}
{[%emt 00:01:11]} c6 {[%clk 00:22:25]} {[%emt 00:01:36]} 16. Rfc1 {[%clk
00:51:09]} {[%emt 00:04:36]} Qe7 {[%clk 00:19:38]} {[%emt 00:03:17]} 17. e4
{[%clk 00:37:33]} {[%emt 00:14:06]} Rfc8 {[%clk 00:13:21]} {[%emt 00:06:47]}
18. Rab1 {[%clk 00:31:53]} {[%emt 00:06:11]} a5 {[%clk 00:09:24]} {[%emt
00:04:27]} 19. bxa5 {[%clk 00:31:24]} {[%emt 00:00:57]} Qd8 {[%clk 00:09:46]}
{[%emt 00:00:09]} 20. Rb7 {[%clk 00:30:24]} {[%emt 00:01:29]} Ba6 {[%clk
00:09:52]} {[%emt 00:00:23]} 21. Rb2 {[%clk 00:29:08]} {[%emt 00:01:47]} Bc4
{[%clk 00:09:35]} {[%emt 00:00:47]} 22. Rb7 {[%clk 00:26:57]} {[%emt 00:02:41]}
Ba6 {[%clk 00:10:00]} {[%emt 00:00:04]} 23. Rb2 {[%clk 00:26:35]} {[%emt
00:00:52]} Bc4 {[%clk 00:10:27]} {[%emt 00:00:04]} 24. Rb7 {[%clk 00:26:09]}
{[%emt 00:00:57]} 1/2-1/2

[Event "DVM U20 2023"]
[Site "Magdeburg GER"]
[Date "2023.12.28"]
[Round "4"]
[White "Gluma, Christian"]
[Black "Weihrauch, Jakob"]
[Result "1-0"]
[Termination "normal"]
[Board "1.4"]
[BlackTitle "FM"]
[WhiteElo "2245"]
[BlackElo "2257"]
[WhiteClock "00:11:06"]
[BlackClock "00:00:32"]
[WhiteTeam "SG Porz"]
[BlackTeam "Hamburger SK 1830"]
[PlyCount "63"]
[WhiteFideId "16223209"]
[BlackFideId "16210115"]
[EventCountry "GER"]
[EventRounds "7"]
[EventType "team-swiss"]
[EventDate "2023.12.26"]

1. e4 {[%clk 01:30:55]} {[%emt 00:00:04]} c5 {[%clk 01:30:54]} {[%emt
00:00:07]} 2. Nc3 {[%clk 01:31:17]} {[%emt 00:00:08]} a6 {[%clk 01:31:03]}
{[%emt 00:00:21]} 3. Nge2 {[%clk 01:31:33]} {[%emt 00:00:15]} d6 {[%clk
01:28:58]} {[%emt 00:02:34]} 4. g3 {[%clk 01:31:04]} {[%emt 00:01:00]} b5
{[%clk 01:29:08]} {[%emt 00:00:20]} 5. Bg2 {[%clk 01:30:59]} {[%emt 00:00:35]}
Bb7 {[%clk 01:29:22]} {[%emt 00:00:15]} 6. d4 {[%clk 01:30:27]} {[%emt
00:01:01]} cxd4 {[%clk 01:23:02]} {[%emt 00:06:51]} 7. Nxd4 {[%clk 01:30:28]}
{[%emt 00:00:29]} e6 {[%clk 01:17:09]} {[%emt 00:06:23]} 8. O-O {[%clk
01:29:37]} {[%emt 00:01:21]} Nf6 {[%clk 01:14:45]} {[%emt 00:02:54]} 9. Re1
{[%clk 01:28:19]} {[%emt 00:01:48]} Qc7 {[%clk 01:09:39]} {[%emt 00:05:35]} 10.
a4 {[%clk 01:25:35]} {[%emt 00:03:15]} bxa4 {[%clk 01:02:15]} {[%emt 00:07:54]}
11. Nd5 {[%clk 01:14:54]} {[%emt 00:11:11]} exd5 {[%clk 00:55:08]} {[%emt
00:07:36]} 12. exd5+ {[%clk 01:15:16]} {[%emt 00:00:09]} Kd8 {[%clk 00:54:16]}
{[%emt 00:01:21]} 13. Rxa4 {[%clk 01:10:16]} {[%emt 00:05:32]} Nbd7 {[%clk
00:47:44]} {[%emt 00:07:01]} 14. Bd2 {[%clk 01:04:59]} {[%emt 00:05:48]} Nb6
{[%clk 00:48:00]} {[%emt 00:00:13]} 15. Ba5 {[%clk 01:03:27]} {[%emt 00:02:02]}
Nxa4 {[%clk 00:38:57]} {[%emt 00:09:32]} 16. Nc6+ {[%clk 00:56:48]} {[%emt
00:07:09]} Bxc6 {[%clk 00:38:05]} {[%emt 00:01:22]} 17. Bxc7+ {[%clk 00:57:14]}
{[%emt 00:00:05]} Kxc7 {[%clk 00:38:27]} {[%emt 00:00:07]} 18. dxc6 {[%clk
00:57:36]} {[%emt 00:00:09]} Nb6 {[%clk 00:34:56]} {[%emt 00:04:00]} 19. c4
{[%clk 00:50:21]} {[%emt 00:07:45]} d5 {[%clk 00:31:05]} {[%emt 00:04:21]} 20.
cxd5 {[%clk 00:48:57]} {[%emt 00:01:54]} Bd6 {[%clk 00:27:27]} {[%emt
00:04:09]} 21. Re3 {[%clk 00:43:42]} {[%emt 00:05:44]} Rhb8 {[%clk 00:22:51]}
{[%emt 00:05:07]} 22. g4 {[%clk 00:31:52]} {[%emt 00:12:20]} h6 {[%clk
00:18:20]} {[%emt 00:05:01]} 23. h4 {[%clk 00:30:45]} {[%emt 00:01:38]} Nc4
{[%clk 00:13:05]} {[%emt 00:05:43]} 24. Re1 {[%clk 00:26:11]} {[%emt 00:05:05]}
Re8 {[%clk 00:04:11]} {[%emt 00:09:25]} 25. g5 {[%clk 00:22:54]} {[%emt
00:03:47]} Rxe1+ {[%clk 00:03:30]} {[%emt 00:01:10]} 26. Qxe1 {[%clk 00:23:15]}
{[%emt 00:00:10]} hxg5 {[%clk 00:03:42]} {[%emt 00:00:18]} 27. hxg5 {[%clk
00:18:53]} {[%emt 00:04:51]} Ne8 {[%clk 00:02:39]} {[%emt 00:01:33]} 28. Qe4
{[%clk 00:17:44]} {[%emt 00:01:39]} Nb6 {[%clk 00:01:39]} {[%emt 00:01:31]} 29.
Qf5 {[%clk 00:17:41]} {[%emt 00:00:33]} f6 {[%clk 00:01:24]} {[%emt 00:00:45]}
30. Qe6 {[%clk 00:17:48]} {[%emt 00:00:23]} fxg5 {[%clk 00:00:36]} {[%emt
00:01:18]} 31. Bf3 {[%clk 00:11:07]} {[%emt 00:07:11]} Bf4 {[%clk 00:00:32]}
{[%emt 00:00:34]} 32. Qe7+ {[%clk 00:11:06]} {[%emt 00:00:30]} 1-0

[Event "DVM U20 2023"]
[Site "Magdeburg GER"]
[Date "2023.12.28"]
[Round "4"]
[White "Gallasch, Robin"]
[Black "Kotyk, Michael"]
[Result "1-0"]
[Termination "normal"]
[Board "1.6"]
[BlackTitle "CM"]
[WhiteElo "2087"]
[BlackElo "2137"]
[WhiteClock "00:13:10"]
[BlackClock "00:13:27"]
[WhiteTeam "SG Porz"]
[BlackTeam "Hamburger SK 1830"]
[PlyCount "103"]
[WhiteFideId "16222423"]
[BlackFideId "16214501"]
[EventCountry "GER"]
[EventRounds "7"]
[EventType "team-swiss"]
[EventDate "2023.12.26"]

1. e4 {[%clk 01:30:53]} {[%emt 00:00:02]} e5 {[%clk 01:30:48]} {[%emt
00:00:11]} 2. Nf3 {[%clk 01:31:12]} {[%emt 00:00:11]} Nc6 {[%emt 00:00:16]} 3.
Bb5 {[%clk 01:31:28]} {[%emt 00:00:01]} a6 {[%clk 01:31:40]} {[%emt 00:00:05]}
4. Ba4 {[%clk 01:31:53]} {[%emt 00:00:04]} Be7 {[%emt 00:00:31]} 5. O-O {[%clk
01:31:37]} {[%emt 00:00:19]} Nf6 {[%clk 01:32:33]} {[%emt 00:00:04]} 6. Re1
{[%emt 00:00:30]} b5 {[%clk 01:32:42]} {[%emt 00:00:01]} 7. Bb3 {[%clk
01:32:21]} {[%emt 00:00:06]} O-O {[%clk 01:33:07]} {[%emt 00:00:04]} 8. a4
{[%clk 01:32:41]} {[%emt 00:00:11]} Bb7 {[%clk 01:33:33]} {[%emt 00:00:05]} 9.
d3 {[%clk 01:33:05]} {[%emt 00:00:06]} d6 {[%clk 01:33:53]} {[%emt 00:00:10]}
10. Nbd2 {[%emt 00:01:20]} Na5 {[%clk 01:33:51]} {[%emt 00:00:11]} 11. Ba2
{[%emt 00:00:12]} c5 {[%emt 00:03:04]} 12. Nf1 {[%emt 00:04:01]} Bc8 {[%clk
01:30:12]} {[%emt 00:00:58]} 13. Ng3 {[%clk 01:19:29]} {[%emt 00:10:59]} Be6
{[%clk 01:30:27]} {[%emt 00:00:15]} 14. Bxe6 {[%clk 01:19:03]} {[%emt
00:00:56]} fxe6 {[%emt 00:00:31]} 15. Bd2 {[%clk 01:13:26]} {[%emt 00:05:43]}
b4 {[%clk 01:25:30]} {[%emt 00:05:50]} 16. c3 {[%clk 01:07:02]} {[%emt
00:06:54]} bxc3 {[%clk 01:23:31]} {[%emt 00:02:29]} 17. Bxc3 {[%emt 00:00:23]}
Nc6 {[%clk 01:18:21]} {[%emt 00:05:22]} 18. a5 {[%emt 00:07:14]} Rb8 {[%emt
00:18:32]} 19. Nf1 {[%emt 00:06:33]} Nd7 {[%clk 01:06:49]} {[%emt 00:03:24]}
20. N1d2 {[%clk 00:31:14]} {[%emt 00:14:33]} d5 {[%clk 01:03:38]} {[%emt
00:03:39]} 21. Qa4 {[%clk 00:20:33]} {[%emt 00:11:13]} Qc7 {[%clk 01:01:23]}
{[%emt 00:02:45]} 22. exd5 {[%clk 00:20:12]} {[%emt 00:00:52]} exd5 {[%clk
01:01:47]} {[%emt 00:00:05]} 23. Qa2 {[%clk 00:20:35]} {[%emt 00:00:07]} c4
{[%clk 00:58:45]} {[%emt 00:03:32]} 24. Nf1 {[%clk 00:20:22]} {[%emt 00:00:43]}
Kh8 {[%clk 00:51:41]} {[%emt 00:07:34]} 25. dxc4 {[%clk 00:18:48]} {[%emt
00:02:04]} d4 {[%clk 00:51:50]} {[%emt 00:00:21]} 26. Bd2 {[%clk 00:19:14]}
{[%emt 00:00:05]} Nc5 {[%clk 00:49:34]} {[%emt 00:02:45]} 27. Ng3 {[%emt
00:15:16]} Nb3 {[%clk 00:35:11]} {[%emt 00:01:02]} 28. Rad1 {[%emt 00:03:12]}
Rxf3 {[%clk 00:31:05]} {[%emt 00:02:19]} 29. gxf3 {[%clk 00:18:13]} {[%emt
00:00:12]} Nxd2 {[%clk 00:31:30]} {[%emt 00:00:05]} 30. Rxd2 {[%clk 00:18:40]}
{[%emt 00:00:02]} Bb4 {[%clk 00:31:56]} {[%emt 00:00:04]} 31. Rdd1 {[%clk
00:14:08]} {[%emt 00:05:02]} Bxe1 32. Rxe1 {[%clk 00:14:37]} Qb7 {[%clk
00:20:16]} {[%emt 00:09:52]} 33. Qa4 {[%clk 00:08:29]} {[%emt 00:06:38]} d3
{[%clk 00:19:41]} {[%emt 00:01:06]} 34. Ne4 {[%clk 00:07:56]} {[%emt 00:01:02]}
Nd4 {[%clk 00:19:57]} {[%emt 00:00:13]} 35. Qd1 {[%emt 00:03:06]} Qf7 {[%clk
00:18:23]} 36. Re3 {[%emt 00:01:25]} Ne2+ {[%clk 00:11:12]} {[%emt 00:07:22]}
37. Rxe2 {[%clk 00:06:41]} dxe2 {[%clk 00:11:12]} 38. Qxe2 {[%clk 00:07:10]}
{[%emt 00:00:41]} Qf4 {[%clk 00:11:49]} {[%emt 00:00:21]} 39. Qd1 {[%clk
00:06:13]} {[%emt 00:01:26]} Rf8 {[%clk 00:08:43]} {[%emt 00:03:37]} 40. b4
{[%clk 00:05:45]} {[%emt 00:00:59]} g5 {[%clk 00:06:54]} {[%emt 00:02:18]} 41.
h3 {[%clk 00:02:51]} {[%emt 00:03:23]} h5 {[%clk 00:03:31]} {[%emt 00:03:54]}
42. b5 {[%clk 00:25:58]} {[%emt 00:07:24]} axb5 {[%clk 00:30:44]} {[%emt
00:03:16]} 43. cxb5 {[%clk 00:24:59]} {[%emt 00:01:29]} g4 {[%clk 00:30:51]}
{[%emt 00:00:23]} 44. Qd2 {[%clk 00:25:17]} {[%emt 00:00:12]} Qf7 {[%clk
00:24:29]} {[%emt 00:06:52]} 45. Qh6+ {[%clk 00:24:52]} {[%emt 00:00:55]} Kg8
{[%clk 00:24:55]} {[%emt 00:00:05]} 46. Qg5+ {[%clk 00:19:42]} {[%emt
00:05:40]} Kh7 {[%clk 00:24:30]} {[%emt 00:00:55]} 47. Qxe5 {[%clk 00:19:57]}
{[%emt 00:00:15]} Qg6 {[%clk 00:23:25]} {[%emt 00:01:35]} 48. Qg5 {[%clk
00:13:08]} {[%emt 00:07:19]} Qe8 {[%clk 00:22:31]} {[%emt 00:01:24]} 49. Nf6+
{[%clk 00:12:47]} {[%emt 00:00:51]} Rxf6 {[%clk 00:22:58]} {[%emt 00:00:04]}
50. Qxf6 {[%clk 00:13:11]} {[%emt 00:00:06]} Qe1+ {[%clk 00:13:06]} {[%emt
00:10:21]} 51. Kg2 {[%clk 00:13:34]} {[%emt 00:00:07]} gxh3+ {[%clk 00:13:27]}
{[%emt 00:00:09]} 52. Kxh3 {[%clk 00:13:10]} {[%emt 00:00:54]} 1-0